000 01161nam a22002177a 4500
999 _c62941
_d62941
003 Ge_BSU
005 20250327100911.0
008 250327s1970 ge ||||| |||| 00| 0 geo d
041 _ageo
080 _a616.89(035) ბ-39
100 _aბეგიაშვილი, გივი
_924688
245 _aფსიაქიატრიის სამკურნალო ცნობარი /
_cგივი ბეგიაშვილი, ბ. ნანეიშვილი; [წინასიტყვ. ა. ზურაბაშვილისა].
264 _aთბ. :
_b საბჭ. საქართველო,
_c1970.
300 _a174გვ. ;
_b17სმ.
653 _aფსიქიატრია
653 _aმედიცინა
700 _aნანეიშვილი, ბიძინა
_eავტორი
_924687
700 _aზურაბაშვილი, ავლიპ
_eწინასიტყვაობის ავტორი
_924689
856 _uhttps://dspace.nplg.gov.ge/bitstream/1234/484226/1/fsiqiatris_Samkurnalo_Cnobari_1970.pdf
_yელ. ვერსია
942 _2udc
_cᲬᲘᲒᲜᲘ